| 000 | 00456nmc a2200181 a 4500 | ||
|---|---|---|---|
| 003 | AR-X00000XY | ||
| 005 | 20251128212012.0 | ||
| 008 | 107020s1954 ||||||||||||||000 | spa|| | ||
| 040 | _cAR-X00000XY | ||
| 245 | 1 | 0 | _aContes et récits pour tous |
| 260 |
_aBuenos Aires _bEmecé Editores _c1954 |
||
| 300 | 0 | _a230 p. | |
| 490 | 0 | _aSíntesis de cultura | |
| 655 | _aLITERATURA | ||
| 700 | 1 |
_aMaudet, Ariel _ecompilador |
|
| 942 | _cBK | ||
| 998 | _cmartin | ||
| 999 |
_c22017 _d22017 |
||